Mountain fisheries in developing countries

Na minha lista:
Detalhes bibliográficos
Autor principal: T. Petr
Formato: Livro
Idioma:Undetermined
Publicado em: Rome, Italy FAO 2003
Assuntos:
Tags: Adicionar Tag
Sem tags, seja o primeiro a adicionar uma tag!
Thư viện lưu trữ: Trung tâm Học liệu Trường Đại học Cần Thơ
LEADER 00450nam a2200181Ia 4500
001 CTU_58495
008 210402s9999 xx 000 0 und d
082 |a 639.3 
082 |b P493 
100 |a T. Petr 
245 0 |a Mountain fisheries in developing countries 
245 0 |c T. Petr 
260 |a Rome, Italy 
260 |b FAO 
260 |c 2003 
650 |a fisheries 
904 |i Minh 
980 |a Trung tâm Học liệu Trường Đại học Cần Thơ